[Event "Univé Chess Tournament 2009 - Open"]
[Site "Hoogeveen NED"]
[Date "2009.10.19"]
[Round "4.10"]
[White "Caspi, Israel"]
[Black "Hummel, Joop"]
[Result "1-0"]
[WhiteElo "2404"]
[BlackElo "2025"]
[PlyCount "73"]
[EventDate "2009.10.16"]
[EventType "swiss"]
[EventRounds "9"]
[EventCountry "NED"]
[Source "lmi"]
[SourceDate "2009.10.16"]

1. e4 e5 2. Nf3 Nf6 3. Nxe5 d6 4. Nf3 Nxe4 5. c4 Be7 6. d4 O-O 7. Bd3 Nf6 8.
Nc3 Re8 9. O-O Bg4 10. h3 Bh5 11. Be3 Nc6 12. Be2 d5 13. cxd5 Nxd5 14. Qb3 Nxe3
15. fxe3 Bg6 16. Qxb7 Nb4 17. Ne5 Rb8 18. Qf3 Bf6 19. Bb5 Re7 20. a3 Bxe5 21.
axb4 Bd6 22. Ra4 Re6 23. Rxa7 h6 24. Bc4 Rf6 25. Qe2 Rxf1+ 26. Qxf1 Qg5 27. Qf3
Rxb4 28. Ra8+ Kh7 29. b3 Qh4 30. Qf2 Bh2+ 31. Kf1 Bg3 32. Qf3 Bh2 33. Bxf7 Bd3+
34. Ne2 Be4 35. Bg8+ Kg6 36. Nf4+ Kg5 37. Ra5+ 1-0

[Event "Univé Chess Tournament 2009 - Open"]
[Site "Hoogeveen NED"]
[Date "2009.10.19"]
[Round "4.11"]
[White "Van Delft, Merijn"]
[Black "Ootes, Lars"]
[Result "1/2-1/2"]
[WhiteElo "2374"]
[BlackElo "2384"]
[PlyCount "41"]
[EventDate "2009.10.16"]
[EventType "swiss"]
[EventRounds "9"]
[EventCountry "NED"]
[Source "lmi"]
[SourceDate "2009.10.16"]

1. e4 d6 2. d4 Nf6 3. Nc3 g6 4. Be3 c6 5. h3 Nbd7 6. f4 e5 7. Nf3 Qa5 8. Bd3
Nh5 9. fxe5 dxe5 10. Qd2 Bg7 11. O-O-O O-O 12. g4 Nf4 13. Bc4 exd4 14. Nxd4 Ne5
15. Bb3 Ne6 16. Nf5 gxf5 17. gxf5 Nc5 18. Rhg1 Nxb3+ 19. cxb3 Ng6 20. fxg6 hxg6
21. Bh6 1/2-1/2

[Event "Univé Chess Tournament 2009 - Open"]
[Site "Hoogeveen NED"]
[Date "2009.10.19"]
[Round "4.12"]
[White "Clemens, Adrian"]
[Black "Genov, Petar"]
[Result "0-1"]
[WhiteElo "2264"]
[BlackElo "2470"]
[PlyCount "132"]
[EventDate "2009.10.16"]
[EventType "swiss"]
[EventRounds "9"]
[EventCountry "NED"]
[Source "lmi"]
[SourceDate "2009.10.16"]

1. d4 e6 2. c4 b6 3. Nc3 Bb7 4. a3 g6 5. e4 Bg7 6. Nf3 Ne7 7. Be2 O-O 8. O-O d5
9. exd5 exd5 10. Bg5 f6 11. Bf4 Kh8 12. c5 Nbc6 13. b4 g5 14. Bc1 bxc5 15. bxc5
Bc8 16. h3 h6 17. Ne1 f5 18. Nc2 f4 19. Bg4 Bf5 20. Ne2 Qe8 21. Bxf5 Nxf5 22.
f3 Rb8 23. Qd3 Na5 24. Bd2 Rb3 25. Bc3 Nc4 26. Rfb1 Rxb1+ 27. Rxb1 Qc8 28. Be1
c6 29. Bf2 Re8 30. Re1 Nce3 31. Bxe3 Nxe3 32. Rb1 Nxc2 33. Qxc2 Qe6 34. Kf1 Qe7
35. Rb4 Qe3 36. Rb3 Qe7 37. Rb4 Qf7 38. Qb1 Qe6 39. Qc2 Qc8 40. Rb2 Re3 41. Qb1
Re8 42. Rb7 Qe6 43. Qd1 Qg6 44. Rb3 Qf5 45. Qd2 Re7 46. Qd1 Bf6 47. Qd2 Kg7 48.
Qd1 Kg6 49. Qd2 Kf7 50. Qd1 Kg7 51. Qd2 Kg6 52. Qd1 Re8 53. Qd2 Bd8 54. Rb8 Ba5
55. Qb2 Qd3 56. Qb1 Qxb1+ 57. Rxb1 Re3 58. Kf2 Rxa3 59. g3 Bd2 60. gxf4 gxf4
61. Rb7 Be3+ 62. Kg2 Ra2 63. Kf1 Ra1+ 64. Kg2 Re1 65. Rb2 Kg5 66. Ra2 a5 0-1

[Event "Univé Chess Tournament 2009 - Open"]
[Site "Hoogeveen NED"]
[Date "2009.10.19"]
[Round "4.13"]
[White "Tondivar, Babak"]
[Black "Bijlsma, Nick"]
[Result "0-1"]
[WhiteElo "2367"]
[BlackElo "2028"]
[PlyCount "66"]
[EventDate "2009.10.16"]
[EventType "swiss"]
[EventRounds "9"]
[EventCountry "NED"]
[Source "lmi"]
[SourceDate "2009.10.16"]

1. Nf3 c5 2. c4 Nf6 3. g3 b6 4. Bg2 Bb7 5. O-O e6 6. Nc3 Be7 7. d4 cxd4 8. Qxd4
d6 9. Bg5 a6 10. Bxf6 Bxf6 11. Qf4 O-O 12. Rfd1 Be7 13. Ne4 Bxe4 14. Qxe4 Ra7
15. Nd4 Qc8 16. b3 Bf6 17. a4 Qc5 18. e3 Rc7 19. Ra2 Rd8 20. Qb1 a5 21. Nb5
Rcd7 22. Rad2 Nc6 23. Bxc6 Qxc6 24. e4 d5 25. exd5 exd5 26. Qf5 Qe6 27. Qf3 d4
28. Nc3 dxc3 29. Rxd7 Qxd7 30. Rxd7 Rxd7 31. Qe4 Rd1+ 32. Kg2 g6 33. Kf3 Rd4
0-1

[Event "Univé Chess Tournament 2009 - Open"]
[Site "Hoogeveen NED"]
[Date "2009.10.19"]
[Round "4.14"]
[White "Bezemer, Arno"]
[Black "Kasparova, Tatiana"]
[Result "1/2-1/2"]
[WhiteElo "2364"]
[BlackElo "2175"]
[PlyCount "51"]
[EventDate "2009.10.16"]
[EventType "swiss"]
[EventRounds "9"]
[EventCountry "NED"]
[Source "lmi"]
[SourceDate "2009.10.16"]

1. d4 Nf6 2. c4 c5 3. d5 b5 4. cxb5 a6 5. b6 d6 6. Nc3 Nbd7 7. a4 Qxb6 8. a5
Qd8 9. e4 g6 10. f4 Bg7 11. Nf3 O-O 12. Bc4 Ne8 13. O-O Rb8 14. Qd3 Nc7 15. Ra2
Nf6 16. Bd2 Bd7 17. e5 Bf5 18. Qe2 dxe5 19. Nxe5 Qd6 20. g4 Bc8 21. g5 Nfxd5
22. Ne4 Qe6 23. Nxc5 Qd6 24. Ne4 Qe6 25. Nc5 Qd6 26. Ne4 1/2-1/2

[Event "Univé Chess Tournament 2009 - Open"]
[Site "Hoogeveen NED"]
[Date "2009.10.19"]
[Round "4.15"]
[White "Jellema, Yme Jan"]
[Black "Vedder, Henk"]
[Result "1/2-1/2"]
[WhiteElo "2177"]
[BlackElo "2364"]
[PlyCount "41"]
[EventDate "2009.10.16"]
[EventType "swiss"]
[EventRounds "9"]
[EventCountry "NED"]
[Source "lmi"]
[SourceDate "2009.10.16"]

1. e4 e6 2. d4 d5 3. Nc3 Nf6 4. e5 Nfd7 5. f4 c5 6. Nf3 Nc6 7. Be3 cxd4 8. Nxd4
Bc5 9. Qd2 O-O 10. Be2 a6 11. O-O Nxd4 12. Bxd4 b5 13. Bf3 Qb6 14. Ne2 a5 15.
a3 Bb7 16. b4 Bxd4+ 17. Nxd4 axb4 18. axb4 Ra4 19. Rxa4 bxa4 20. Ra1 Ra8 21.
Ra3 1/2-1/2

[Event "Univé Chess Tournament 2009 - Open"]
[Site "Hoogeveen NED"]
[Date "2009.10.19"]
[Round "4.16"]
[White "Kabos, Tobias"]
[Black "Vedder, Richard"]
[Result "1/2-1/2"]
[WhiteElo "2175"]
[BlackElo "2349"]
[PlyCount "49"]
[EventDate "2009.10.16"]
[EventType "swiss"]
[EventRounds "9"]
[EventCountry "NED"]
[Source "lmi"]
[SourceDate "2009.10.16"]

1. e4 c5 2. c3 e6 3. d4 d5 4. exd5 exd5 5. Nf3 Nf6 6. Bg5 Qb6 7. Qb3 c4 8. Qxb6
axb6 9. Nbd2 b5 10. b4 Ra3 11. Nb1 Ra6 12. Bxf6 gxf6 13. g3 Bh6 14. Nfd2 Ke7
15. f4 Bf5 16. Kf2 Kd6 17. Be2 Re8 18. Re1 Nd7 19. Bh5 Rxe1 20. Kxe1 Ke7 21.
Bf3 Ke6 22. Nf1 Be4 23. Bxe4 dxe4 24. Ne3 f5 25. a3 1/2-1/2

[Event "Univé Chess Tournament 2009 - Open"]
[Site "Hoogeveen NED"]
[Date "2009.10.19"]
[Round "4.17"]
[White "Afek, Yochanan"]
[Black "Cako, Laszlo"]
[Result "1/2-1/2"]
[WhiteElo "2303"]
[BlackElo "2159"]
[PlyCount "98"]
[EventDate "2009.10.16"]
[EventType "swiss"]
[EventRounds "9"]
[EventCountry "NED"]
[Source "lmi"]
[SourceDate "2009.10.16"]

1. e4 e5 2. Nf3 Nc6 3. Nc3 Nf6 4. d4 exd4 5. Nxd4 Bb4 6. Nxc6 bxc6 7. Bd3 d5 8.
exd5 cxd5 9. O-O O-O 10. Bg5 c6 11. Ne2 Bd6 12. Nd4 c5 13. Nb5 Be5 14. Re1 Bxb2
15. Rb1 a6 16. Rxb2 axb5 17. Bxb5 Be6 18. a4 h6 19. Bh4 g5 20. Bg3 Ne4 21. Rb3
Qf6 22. Qh5 c4 23. Rbe3 Bf5 24. c3 Rfd8 25. Rf3 Nd2 26. Rfe3 Ne4 27. h4 Kg7 28.
Rf3 Bg6 29. Qg4 Qe6 30. Qxe6 fxe6 31. Be5+ Kg8 32. hxg5 hxg5 33. Rh3 Kf7 34. f3
Nc5 35. Re3 Nxa4 36. Bxa4 Rxa4 37. Rg3 Ra1+ 38. Kh2 Bd3 39. f4 Rg8 40. fxg5 Be4
41. Re2 Rf1 42. Ra2 Kg6 43. Bf6 Rb8 44. Rh3 Rbb1 45. Rh6+ Kf5 46. Kg3 Rbd1 47.
Bd8 Rd3+ 48. Kh2 Rdd1 49. Kg3 Rd3+ 1/2-1/2

[Event "Univé Chess Tournament 2009 - Open"]
[Site "Hoogeveen NED"]
[Date "2009.10.19"]
[Round "4.18"]
[White "Van der Veen, Jan"]
[Black "Van Kooten, Luuk"]
[Result "1/2-1/2"]
[WhiteElo "2144"]
[BlackElo "2292"]
[PlyCount "31"]
[EventDate "2009.10.16"]
[EventType "swiss"]
[EventRounds "9"]
[EventCountry "NED"]
[Source "lmi"]
[SourceDate "2009.10.16"]

1. e4 c5 2. Nc3 a6 3. f4 b5 4. Nf3 Bb7 5. d3 e6 6. g3 Nf6 7. Bg2 Be7 8. O-O O-O
9. e5 Nd5 10. Nxd5 Bxd5 11. b3 d6 12. c4 Bc6 13. Qe2 Ra7 14. Be3 d5 15. Rac1
Nd7 16. g4 1/2-1/2

[Event "Univé Chess Tournament 2009 - Open"]
[Site "Hoogeveen NED"]
[Date "2009.10.19"]
[Round "4.20"]
[White "Mostertman, Milan"]
[Black "Vinke, Andreas"]
[Result "1/2-1/2"]
[WhiteElo "2138"]
[BlackElo "2232"]
[PlyCount "26"]
[EventDate "2009.10.16"]
[EventType "swiss"]
[EventRounds "9"]
[EventCountry "NED"]
[Source "lmi"]
[SourceDate "2009.10.16"]

1. e4 e6 2. d4 d5 3. Nc3 Bb4 4. Bd3 dxe4 5. Bxe4 Nf6 6. Bf3 O-O 7. Nge2 Nbd7 8.
Bf4 Nb6 9. O-O Bd6 10. Bg5 h6 11. Bh4 Be7 12. Bg3 Bd6 13. Bh4 Be7 1/2-1/2

[Event "Univé Chess Tournament 2009 - Open"]
[Site "Hoogeveen NED"]
[Date "2009.10.19"]
[Round "4.21"]
[White "Klein, David"]
[Black "Sadallah, Osama"]
[Result "1-0"]
[WhiteElo "2248"]
[BlackElo "2156"]
[PlyCount "107"]
[EventDate "2009.10.16"]
[EventType "swiss"]
[EventRounds "9"]
[EventCountry "NED"]
[Source "lmi"]
[SourceDate "2009.10.16"]

1. e4 c5 2. Nf3 Nc6 3. d4 cxd4 4. Nxd4 g6 5. c4 Nf6 6. Nc3 d6 7. Be2 Nxd4 8.
Qxd4 Bg7 9. Be3 O-O 10. Qd2 Be6 11. O-O Qa5 12. Rac1 Rfc8 13. b3 a6 14. f3 Rab8
15. Ba7 Ra8 16. Be3 Rab8 17. Rc2 h5 18. Rfc1 Kh7 19. Bf1 Qd8 20. Ne2 Qf8 21.
Nf4 Bd7 22. c5 e5 23. Nd3 Ne8 24. cxd6 Qxd6 25. Nc5 Qxd2 26. Bxd2 Rc7 27. Ba5
b6 28. Nxa6 Rxc2 29. Rxc2 Rb7 30. Bb4 f5 31. Bd3 h4 32. Kf2 Bf6 33. Bc4 Bd8 34.
Bd5 Ra7 35. Nb8 Bb5 36. a4 Bd7 37. Nxd7 Rxd7 38. Ke2 fxe4 39. Bxe4 Nf6 40. Rd2
Rxd2+ 41. Bxd2 Nh5 42. b4 Kg7 43. a5 bxa5 44. bxa5 Nf4+ 45. Bxf4 exf4 46. a6
Bb6 47. Kd3 Kf6 48. Kc4 g5 49. Kb5 Bg1 50. Kc6 Ke5 51. Kb7 g4 52. Bc6 g3 53.
hxg3 fxg3 54. Bd7 1-0

[Event "Univé Chess Tournament 2009 - Open"]
[Site "Hoogeveen NED"]
[Date "2009.10.19"]
[Round "4.22"]
[White "Hulshof, Peter"]
[Black "Galje, Hans"]
[Result "1-0"]
[WhiteElo "2216"]
[BlackElo "2139"]
[PlyCount "77"]
[EventDate "2009.10.16"]
[EventType "swiss"]
[EventRounds "9"]
[EventCountry "NED"]
[Source "lmi"]
[SourceDate "2009.10.16"]

1. g3 d5 2. Bg2 Nf6 3. d3 e5 4. Nf3 Bd6 5. O-O Bg4 6. h3 Bh5 7. c3 O-O 8. Qb3
Qc8 9. g4 e4 10. Nd4 Bxg4 11. hxg4 Qxg4 12. Nb5 h5 13. Nxd6 cxd6 14. dxe4 h4
15. c4 dxc4 16. Qf3 Nc6 17. Qxg4 Nxg4 18. Nc3 f6 19. Bh3 Nge5 20. f4 Nf7 21.
Be6 Na5 22. Be3 Rfe8 23. Bd5 Kf8 24. Bf2 Ke7 25. Bxh4 Rh8 26. Bf2 Nh6 27. Kg2
Ng4 28. Rh1 g5 29. fxg5 fxg5 30. Bd4 Ne5 31. Rxh8 Rxh8 32. Bxe5 dxe5 33. Rf1
Rf8 34. Rxf8 Kxf8 35. Kg3 Ke7 36. Kg4 Kf6 37. Kh5 Nc6 38. Bxc6 bxc6 39. Nd1 1-0

[Event "Univé Chess Tournament 2009 - Open"]
[Site "Hoogeveen NED"]
[Date "2009.10.19"]
[Round "4.23"]
[White "Hoffman, Ron"]
[Black "Hovenga, Alje"]
[Result "1/2-1/2"]
[WhiteElo "2107"]
[BlackElo "2206"]
[PlyCount "34"]
[EventDate "2009.10.16"]
[EventType "swiss"]
[EventRounds "9"]
[EventCountry "NED"]
[Source "lmi"]
[SourceDate "2009.10.16"]

1. e4 c6 2. d4 d5 3. Nc3 dxe4 4. Nxe4 Bf5 5. Ng3 Bg6 6. h4 h6 7. h5 Bh7 8. Nf3
Nd7 9. Bd3 Bxd3 10. Qxd3 Ngf6 11. Bf4 e6 12. O-O-O Be7 13. Ne4 Nxe4 14. Qxe4
Nf6 15. Qd3 Qd5 16. c4 Qe4 17. Qxe4 Nxe4 1/2-1/2

[Event "Univé Chess Tournament 2009 - Open"]
[Site "Hoogeveen NED"]
[Date "2009.10.19"]
[Round "4.24"]
[White "Admiraal, Miguoel"]
[Black "Fehr, Axel"]
[Result "1-0"]
[WhiteElo "2194"]
[BlackElo "2128"]
[PlyCount "81"]
[EventDate "2009.10.16"]
[EventType "swiss"]
[EventRounds "9"]
[EventCountry "NED"]
[Source "lmi"]
[SourceDate "2009.10.16"]

1. e4 c6 2. c4 d5 3. exd5 cxd5 4. d4 Nf6 5. Nc3 Nc6 6. Nf3 e6 7. cxd5 Nxd5 8.
Bc4 Nxc3 9. bxc3 Be7 10. O-O O-O 11. Re1 b6 12. Bd3 Bb7 13. h4 Rc8 14. Ng5 Bxg5
15. Bxg5 Qd5 16. Qg4 f5 17. Qg3 Kh8 18. Bf4 Rf6 19. h5 Rg8 20. Be2 Rf7 21. Bf3
Qd7 22. Bxc6 Bxc6 23. Be5 Rf6 24. f3 Qf7 25. Qg5 h6 26. Qh4 Kh7 27. c4 Qf8 28.
Bxf6 gxf6 29. Rxe6 Bxf3 30. Qxf6 Rxg2+ 31. Kf1 Qxf6 32. Rxf6 Rg5 33. d5 Rxh5
34. Kf2 Kg7 35. Re6 Be4 36. Ke3 Rh3+ 37. Kd4 Rd3+ 38. Ke5 Rc3 39. Rg1+ Kh7 40.
Re7+ Kh8 41. Kf6 1-0

[Event "Univé Chess Tournament 2009 - Open"]
[Site "Hoogeveen NED"]
[Date "2009.10.19"]
[Round "4.25"]
[White "Warmelink, Evie"]
[Black "Pijpers, Arthur"]
[Result "0-1"]
[WhiteElo "1941"]
[BlackElo "2190"]
[PlyCount "86"]
[EventDate "2009.10.16"]
[EventType "swiss"]
[EventRounds "9"]
[EventCountry "NED"]
[Source "lmi"]
[SourceDate "2009.10.16"]

1. e4 c5 2. Nc3 Nc6 3. g3 g6 4. Bg2 Bg7 5. d3 Rb8 6. f4 b5 7. Nf3 b4 8. Ne2 d6
9. O-O Bg4 10. h3 Bxf3 11. Bxf3 e6 12. f5 e5 13. Bg2 Nf6 14. Bg5 h6 15. Be3 Nd4
16. g4 Nxe2+ 17. Qxe2 Nd7 18. g5 hxg5 19. fxg6 fxg6 20. Qg4 Bf6 21. Rxf6 Nxf6
22. Qxg5 Rg8 23. Rf1 Nh5 24. Qg4 Qd7 25. Qh4 Rf8 26. Bf3 Nf4 27. Bg4 Qe7 28.
Qh6 Qf6 29. Qh7 Qf7 30. Qh6 Rb7 31. Qg5 Qf6 32. Bxf4 exf4 33. Qd5 Qd4+ 34. Qxd4
cxd4 35. Kg2 Ke7 36. Kf3 Kf6 37. Rf2 Rb6 38. Kxf4 Ke7+ 39. Kg3 Rxf2 40. Kxf2
Ra6 41. b3 Rxa2 42. Bd1 Ra1 43. Ke2 Kf6 0-1

[Event "Univé Chess Tournament 2009 - Open"]
[Site "Hoogeveen NED"]
[Date "2009.10.19"]
[Round "4.27"]
[White "Sparenberg, Erik"]
[Black "Akotchik, Viktor"]
[Result "0-1"]
[WhiteElo "2076"]
[BlackElo "2102"]
[PlyCount "59"]
[EventDate "2009.10.16"]
[EventType "swiss"]
[EventRounds "9"]
[EventCountry "NED"]
[Source "lmi"]
[SourceDate "2009.10.16"]

1. e4 e5 2. Nf3 Nc6 3. Bb5 a6 4. Ba4 d6 5. O-O Bd7 6. c3 g6 7. d4 Bg7 8. d5 Nb8
9. Bc2 a5 10. Nbd2 f5 11. exf5 gxf5 12. Nc4 Qf6 13. Re1 Nh6 14. Ng5 O-O 15. Qh5
Kh8 16. f4 e4 17. Be3 Qg6 18. Qh4 Ng4 19. Bd1 Nf6 20. Ne6 Bxe6 21. dxe6 Re8 22.
Bd4 Rxe6 23. Re3 Nc6 24. Bxf6 Qxf6 25. Qf2 d5 26. Na3 a4 27. Rh3 Qe7 28. Rh5 d4
29. Nc4 b5 30. Na3 0-1

[Event "Univé Chess Tournament 2009 - Open"]
[Site "Hoogeveen NED"]
[Date "2009.10.19"]
[Round "4.28"]
[White "Mol, Christiaan"]
[Black "Hortensius, Lisa"]
[Result "1/2-1/2"]
[WhiteElo "2079"]
[BlackElo "2042"]
[PlyCount "81"]
[EventDate "2009.10.16"]
[EventType "swiss"]
[EventRounds "9"]
[EventCountry "NED"]
[Source "lmi"]
[SourceDate "2009.10.16"]

1. d4 d5 2. c4 e6 3. Nc3 Be7 4. Nf3 Nf6 5. Bg5 O-O 6. e3 Nbd7 7. Rc1 b6 8. cxd5
exd5 9. Bd3 Bb7 10. Qc2 c5 11. O-O h6 12. Bf4 Rc8 13. Bf5 b5 14. dxc5 Rxc5 15.
Qd1 b4 16. Ne2 Ba6 17. Nfd4 Qb6 18. Re1 Rd8 19. Qa4 Bf8 20. h3 g6 21. Bb1 Rdc8
22. Rxc5 Rxc5 23. Qd1 Bg7 24. Nb3 Rc8 25. Qd4 Qxd4 26. Nexd4 Bf8 27. Rc1 Rxc1+
28. Nxc1 Bb7 29. Ncb3 Nb6 30. Na5 Ba6 31. b3 Ne4 32. Bxe4 dxe4 33. Nac6 Nd5 34.
Nxa7 Nc3 35. Nac6 Nxa2 36. Bc7 Bb7 37. Ba5 Bxc6 38. Nxc6 Nc1 39. Bxb4 Nxb3 40.
Bxf8 Kxf8 41. Kf1 1/2-1/2

[Event "Univé Chess Tournament 2009 - Open"]
[Site "Hoogeveen NED"]
[Date "2009.10.19"]
[Round "4.29"]
[White "Stavast, Dick"]
[Black "Ellenbroek, Ton"]
[Result "1-0"]
[WhiteElo "1998"]
[BlackElo "2078"]
[PlyCount "77"]
[EventDate "2009.10.16"]
[EventType "swiss"]
[EventRounds "9"]
[EventCountry "NED"]
[Source "lmi"]
[SourceDate "2009.10.16"]

1. Nf3 d6 2. d4 g6 3. g3 Bg7 4. Bg2 Nd7 5. e4 e5 6. Nc3 Ne7 7. O-O O-O 8. Be3
exd4 9. Bxd4 Ne5 10. Nxe5 dxe5 11. Bc5 Qe8 12. Nd5 Nxd5 13. Qxd5 Be6 14. Qxb7
Qc8 15. Qxc8 Rfxc8 16. Rfd1 Rcb8 17. b3 Rb5 18. Be7 Bf8 19. Bf6 Ba3 20. Bf1 Ra5
21. Rd3 h6 22. h4 Bd6 23. Be2 Kf8 24. a4 Rb8 25. Rad1 Rc5 26. R3d2 Rc3 27. Kg2
Ke8 28. Bb5+ Kf8 29. f4 Bg4 30. Rf1 Re3 31. fxe5 Bb4 32. Rd8+ Rxd8 33. Bxd8 Be1
34. Rxe1 Rxe1 35. Bxc7 Rc1 36. Bd6+ Kg7 37. Bd3 Bd1 38. Ba3 Ra1 39. e6 1-0

[Event "Univé Chess Tournament 2009 - Open"]
[Site "Hoogeveen NED"]
[Date "2009.10.19"]
[Round "4.30"]
[White "Potze, Rudolf"]
[Black "Beukema, Stefan"]
[Result "1/2-1/2"]
[WhiteElo "2156"]
[BlackElo "2032"]
[PlyCount "145"]
[EventDate "2009.10.16"]
[EventType "swiss"]
[EventRounds "9"]
[EventCountry "NED"]
[Source "lmi"]
[SourceDate "2009.10.16"]

1. e4 e5 2. Nf3 Nc6 3. Bb5 a6 4. Ba4 Nf6 5. O-O Be7 6. Re1 b5 7. Bb3 d6 8. c3
O-O 9. h3 Na5 10. Bc2 c5 11. d3 Nc6 12. Nbd2 Ne8 13. a4 Bd7 14. Nf1 f5 15. axb5
axb5 16. Rxa8 Qxa8 17. Ne3 f4 18. Nd5 Bd8 19. d4 Be6 20. Nxf4 exf4 21. d5 Bxh3
22. dxc6 Be6 23. e5 Qxc6 24. exd6 Bd5 25. Qd3 g6 26. Ne5 Qxd6 27. Qxb5 Nc7 28.
Qd7 Qf6 29. Qh3 Re8 30. Nd3 Rxe1+ 31. Nxe1 Ne6 32. Qd3 Qe5 33. Bd2 c4 34. Qf1
Ng5 35. Bd1 Ne4 36. Nf3 Qf6 37. Qe2 Bb6 38. Be1 g5 39. Bc2 Nd6 40. Nd4 Bxd4 41.
cxd4 f3 42. Qe5 Qxe5 43. dxe5 Nb5 44. gxf3 Nd4 45. Bd1 Bxf3 46. Ba4 Bc6 47. Bd1
Bf3 48. Ba4 Kf7 49. Bb4 Ke6 50. Bd6 h5 51. Kh2 h4 52. Bc7 Be4 53. Bd1 Bf3 54.
Ba4 Bc6 55. Bd1 Kf5 56. Kh3 Bf3 57. Ba4 Bg4+ 58. Kg2 Ke4 59. Be8 Ne6 60. Bc6+
Kd4 61. Bd6 Nf4+ 62. Kh2 Ng6 63. Bb7 Nxe5 64. Be7 Nf7 65. Bf6+ Kc5 66. f4 gxf4
67. Bxh4 Kb4 68. Bf6 Be6 69. Kg2 Nd6 70. Be7 Kc5 71. Kf3 Bd5+ 72. Bxd5 Kxd5 73.
Bxd6 1/2-1/2

[Event "Univé Chess Tournament 2009 - Open"]
[Site "Hoogeveen NED"]
[Date "2009.10.19"]
[Round "4.31"]
[White "Lagrotteria, Salvatore"]
[Black "Beijerinck, Nick"]
[Result "1-0"]
[WhiteElo "2221"]
[BlackElo "2044"]
[PlyCount "69"]
[EventDate "2009.10.16"]
[EventType "swiss"]
[EventRounds "9"]
[EventCountry "NED"]
[Source "lmi"]
[SourceDate "2009.10.16"]

1. d4 Nf6 2. c4 g6 3. Nf3 Bg7 4. g3 O-O 5. Bg2 d6 6. O-O Nc6 7. Nc3 a6 8. d5
Na5 9. Nd2 c5 10. Rb1 Bd7 11. b3 b5 12. Qc2 Rb8 13. h3 e6 14. e4 exd5 15. cxd5
Ne8 16. Ne2 Nc7 17. a3 Na8 18. Bb2 Bxb2 19. Qxb2 Nb6 20. f4 b4 21. axb4 cxb4
22. Nd4 Rc8 23. Ra1 Na8 24. e5 Qb6 25. Ne4 Bf5 26. Nf6+ Kh8 27. Kh2 Rc3 28.
Nxf5 Rfc8 29. Ne7 R8c7 30. Nc6 dxe5 31. fxe5 Nxc6 32. dxc6 Qb5 33. Qd2 Qd3 34.
Qh6 Qxg3+ 35. Kh1 1-0

[Event "Univé Chess Tournament 2009 - Open"]
[Site "Hoogeveen NED"]
[Date "2009.10.20"]
[Round "5.2"]
[White "Nijboer, Friso"]
[Black "Van Oosterom, Chiel"]
[Result "1-0"]
[WhiteElo "2555"]
[BlackElo "2386"]
[PlyCount "82"]
[EventDate "2009.10.16"]
[EventType "swiss"]
[EventRounds "9"]
[EventCountry "NED"]
[Source "lmi"]
[SourceDate "2009.10.16"]

1. e4 c5 2. Nf3 Nc6 3. d4 cxd4 4. Nxd4 Nf6 5. Nc3 e5 6. Ndb5 d6 7. Bg5 a6 8.
Na3 b5 9. Nd5 Be7 10. Bxf6 Bxf6 11. c4 b4 12. Nc2 a5 13. Be2 O-O 14. O-O Bg5
15. Qd3 Nb8 16. a3 bxa3 17. Qxa3 Nc6 18. Rad1 Be6 19. b3 Qb8 20. Nc3 Rd8 21.
Nb5 Rd7 22. Ra1 Bd8 23. Rfd1 Na7 24. Nc3 Bb6 25. Na4 Bd8 26. h3 Nc6 27. Bg4
Raa7 28. Rd3 Bxg4 29. hxg4 Rab7 30. Rad1 Nb4 31. Nxb4 Rxb4 32. c5 Rdb7 33. c6
Rc7 34. Rxd6 Be7 35. Rd7 Rd4 36. R1xd4 Bxa3 37. Rd8+ Bf8 38. Rxb8 exd4 39. Nb6
d3 40. Nd7 g6 41. Rxf8+ Kg7 1-0

[Event "Univé Chess Tournament 2009 - Open"]
[Site "Hoogeveen NED"]
[Date "2009.10.20"]
[Round "5.3"]
[White "Kasparov, Sergey"]
[Black "Haslinger, Stewart"]
[Result "1/2-1/2"]
[WhiteElo "2488"]
[BlackElo "2529"]
[PlyCount "25"]
[EventDate "2009.10.16"]
[EventType "swiss"]
[EventRounds "9"]
[EventCountry "NED"]
[Source "lmi"]
[SourceDate "2009.10.16"]

1. e4 e5 2. Nf3 Nc6 3. Bb5 a6 4. Bxc6 dxc6 5. O-O Bg4 6. h3 Bh5 7. d3 f6 8. Be3
c5 9. Nbd2 Bd6 10. c3 Ne7 11. Qb3 Bf7 12. Nc4 O-O 13. Qc2 1/2-1/2

[Event "Univé Chess Tournament 2009 - Open"]
[Site "Hoogeveen NED"]
[Date "2009.10.20"]
[Round "5.4"]
[White "Caspi, Israel"]
[Black "Ulibin, Mikhail"]
[Result "0-1"]
[WhiteElo "2404"]
[BlackElo "2533"]
[PlyCount "80"]
[EventDate "2009.10.16"]
[EventType "swiss"]
[EventRounds "9"]
[EventCountry "NED"]
[Source "lmi"]
[SourceDate "2009.10.16"]

1. e4 e6 2. d4 d5 3. Nd2 c5 4. exd5 exd5 5. Ngf3 Nf6 6. Bb5+ Bd7 7. Bxd7+ Nbxd7
8. O-O Be7 9. dxc5 Nxc5 10. Re1 O-O 11. Nf1 Re8 12. Be3 b5 13. c3 a5 14. Bd4
Ne6 15. Qb3 b4 16. cxb4 Bxb4 17. Red1 Nxd4 18. Nxd4 Bc5 19. Rac1 Rb8 20. Qc2
Ne4 21. Ne3 Qb6 22. Nxd5 Qxb2 23. Qxb2 Rxb2 24. Rd3 Nxf2 25. Re3 Rxe3 26. Nxe3
Nd3 27. Rd1 Bxd4 28. Rxd3 Rd2 29. Rb3 g6 30. Kf1 Rxa2 31. Rd3 Bc5 32. Rc3 Bd6
33. Nc4 Bxh2 34. g3 a4 35. Nd6 a3 36. Ne4 Kg7 37. Rc1 Rb2 38. Ra1 a2 39. Nc3
Bxg3 40. Nxa2 Be5 0-1

[Event "Univé Chess Tournament 2009 - Open"]
[Site "Hoogeveen NED"]
[Date "2009.10.20"]
[Round "5.5"]
[White "Willemze, Thomas"]
[Black "Romanishin, Oleg"]
[Result "0-1"]
[WhiteElo "2391"]
[BlackElo "2515"]
[PlyCount "80"]
[EventDate "2009.10.16"]
[EventType "swiss"]
[EventRounds "9"]
[EventCountry "NED"]
[Source "lmi"]
[SourceDate "2009.10.16"]

1. e4 e5 2. Nf3 Nc6 3. Nc3 Bc5 4. Nxe5 Nxe5 5. d4 Bd6 6. dxe5 Bxe5 7. Qd3 Nf6
8. Bd2 O-O 9. O-O-O Re8 10. f3 c6 11. g4 Qb6 12. Be3 Qa5 13. Bd4 d6 14. Kb1 Be6
15. h4 Rad8 16. Qd2 c5 17. Bxe5 dxe5 18. Qe1 Rxd1+ 19. Qxd1 Rd8 20. Qc1 b5 21.
Bh3 b4 22. g5 bxc3 23. Bxe6 Nxe4 24. Bxf7+ Kxf7 25. fxe4 Qb4 26. b3 Qxe4 27.
Re1 Qg4 28. a4 Rd2 29. Rf1+ Ke6 30. Rg1 Qe4 31. h5 Qf4 32. g6 h6 33. Rh1 Qf3
34. Rg1 a5 35. Rh1 Qf5 36. Rg1 c4 37. bxc4 Qf8 38. c5 Qxc5 39. Rg4 Qd5 40. Rg1
Qd4 0-1

[Event "Univé Chess Tournament 2009 - Open"]
[Site "Hoogeveen NED"]
[Date "2009.10.20"]
[Round "5.6"]
[White "Ootes, Lars"]
[Black "Slingerland, Fred"]
[Result "1-0"]
[WhiteElo "2384"]
[BlackElo "2395"]
[PlyCount "57"]
[EventDate "2009.10.16"]
[EventType "swiss"]
[EventRounds "9"]
[EventCountry "NED"]
[Source "lmi"]
[SourceDate "2009.10.16"]

1. e4 c5 2. Nf3 Nc6 3. d4 cxd4 4. Nxd4 Nf6 5. Nc3 d6 6. Bg5 h6 7. Bxf6 gxf6 8.
Qd2 a6 9. O-O-O e6 10. f4 Bd7 11. Kb1 h5 12. Nxc6 bxc6 13. Bc4 Rb8 14. Bb3 Be7
15. Rhe1 Qb6 16. e5 fxe5 17. fxe5 d5 18. Ne4 a5 19. c3 Rg8 20. Nd6+ Bxd6 21.
exd6 Kd8 22. Qf4 f5 23. Rd2 c5 24. Bd1 d4 25. cxd4 c4 26. Bf3 a4 27. Rc1 Qb5
28. d5 Rb6 29. Rxc4 1-0